Heat conversion systems (Record no. 67881)

000 -LEADER
fixed length control field 00425nam a22001697a 4500
003 - CONTROL NUMBER IDENTIFIER
control field NUST - PNEC
005 - DATE AND TIME OF LATEST TRANSACTION
control field 20170116181035.0
008 - FIXED-LENGTH DATA ELEMENTS--GENERAL INFORMATION
fixed length control field 150919b xxu||||| |||| 00| 0 eng d
020 ## - INTERNATIONAL STANDARD BOOK NUMBER
International Standard Book Number 0849389283
040 ## - CATALOGING SOURCE
Transcribing agency LIBRARY
082 ## - DEWEY DECIMAL CLASSIFICATION NUMBER
Classification number 621.4022 ALE
100 ## - MAIN ENTRY--PERSONAL NAME
9 (RLIN) 11318
Personal name Alefeld, Georg
245 ## - TITLE STATEMENT
Title Heat conversion systems
Statement of responsibility, etc. Georg Alefeld
260 ## - PUBLICATION, DISTRIBUTION, ETC.
Date of publication, distribution, etc. c.1994
650 ## - SUBJECT ADDED ENTRY--TOPICAL TERM
9 (RLIN) 11320
Topical term or geographic name entry element Conversion system
General subdivision ME
942 ## - ADDED ENTRY ELEMENTS (KOHA)
Source of classification or shelving scheme
Koha item type Book
Holdings
Withdrawn status Lost status Source of classification or shelving scheme Damaged status Not for loan Permanent Location Current Location Shelving location Date acquired Total Checkouts Full call number Barcode Date last seen Price effective from Koha item type
          Pakistan Navy Engineering College (PNEC) Pakistan Navy Engineering College (PNEC)       621.4022 ALE PNECLIB-017932 09/19/2015   Book
© 2023 Central Library, National University of Sciences and Technology. All Rights Reserved.